000 00489 a2200193 4500
005 20260128104948.0
008 260127b |||||||| |||| 00| 0 eng d
020 _a9788192693958
_cRs. 995.00
040 _aMAIN
082 _a069.09542
_bN213T
100 _aNational Culture Fund
245 _aTreasures: Allahabad museum
260 _bNiyogi Books
_c2017
_aNew Delhi
300 _a190
650 _aMuseums
650 _aMuseology
650 _aIndia-Allahabad
942 _cBK
999 _c394625
_d394625